El menor de edad : (Registro nro. 3388)

Detalles MARC
000 -LEADER
fixed length control field 01108nam a2200253Ia 4500
003 - CONTROL NUMBER IDENTIFIER
control field OSt
005 - DATE AND TIME OF LATEST TRANSACTION
control field 20200818180615.0
008 - FIXED-LENGTH DATA ELEMENTS--GENERAL INFORMATION
fixed length control field 191128s1991 ck gr 001 0 spa d
020 ## - INTERNATIONAL STANDARD BOOK NUMBER
International Standard Book Number 9589526012
040 ## - CATALOGING SOURCE
Original cataloging agency CO-JMCR
Transcribing agency CO-JMCR
041 0# - LANGUAGE CODE
Language code of text/sound track or separate title spa
082 04 - DEWEY DECIMAL CLASSIFICATION NUMBER
Classification number 346.013 /
Item number U48m
Edition number 23
100 1# - MAIN ENTRY--PERSONAL NAME
Personal name Umaña Luna, Pedro Eduardo,
Relator term autor
9 (RLIN) 3323
245 13 - TITLE STATEMENT
Title El menor de edad :
Remainder of title estructura legal y coyuntura social /
Statement of responsibility, etc. Eduardo Umaña Luna
250 ## - EDITION STATEMENT
Edition statement Primera edición
260 ## - PUBLICATION, DISTRIBUTION, ETC.
Place of publication, distribution, etc. Bogotá :
Name of publisher, distributor, etc. Corporación Colectivo de Abogados : Universidad Nacional de Colombia,
Date of publication, distribution, etc. 1991
300 ## - PHYSICAL DESCRIPTION
Extent 427 páginas ;
Dimensions 21 cm.
500 ## - GENERAL NOTE
General note Incluye índice de materias.
505 0# - FORMATTED CONTENTS NOTE
Formatted contents note Planteamiento -- La realidad colombiana -- Preceptos internacionales -- La legislación sobre la familia -- Motivaciones del código del menor -- El código del menor (resumen de su parte dispositiva) -- El gran reto -- Por un nuevo orden
650 14 - SUBJECT ADDED ENTRY--TOPICAL TERM
Topical term or geographic name entry element Niños
Source of heading or term legislación
Geographic subdivision Colombia
9 (RLIN) 8874
650 24 - SUBJECT ADDED ENTRY--TOPICAL TERM
Topical term or geographic name entry element Derechos del niño
General subdivision legislación
Geographic subdivision Colombia
9 (RLIN) 8687
650 24 - SUBJECT ADDED ENTRY--TOPICAL TERM
Topical term or geographic name entry element Derecho de familia
General subdivision legislación
Geographic subdivision Colombia
9 (RLIN) 8875
942 ## - ADDED ENTRY ELEMENTS (KOHA)
Source of classification or shelving scheme Dewey Decimal Classification
Koha item type Books
Existencias
Withdrawn status Lost status Source of classification or shelving scheme Damaged status Not for loan Collection code Home library Current library Date acquired Source of acquisition Full call number Barcode Date last seen Copy number Koha item type
    Dewey Decimal Classification     Non-fiction Biblioteca Pública José María del Castillo y Rada Biblioteca Pública José María del Castillo y Rada 04/10/2018 Donación 346.013 / U48m 201807253 05/16/2024 Ej.1 Books